MARC

LEADER 00000nam0a2200000 4500
001 99738
005 20231101214253.0
035 |a (RuTPU)RU\TPU\book\107088 
090 |a 99738 
100 |a 20060712d1980 k y0rusy50 ca 
101 0 |a rus 
102 |a RU 
105 |a y a 001zy 
200 1 |a Экстракция неорганических соединений  |e библиографический указатель (1968-1972)  |f Академия наук СССР (АН СССР), Институт геохимии и аналитической химии им. В. И. Вернадского (ГЕОХИ) ; Академия наук СССР (АН СССР), Библиотека по естественным наукам (БЕН) ; сост. В. В. Багреев [и др.] ; под ред. Ю. А. Золотова 
210 |a Москва  |c Наука  |d 1980 
215 |a 431 с. 
320 |a Указ.: с. 324-429 
606 1 |a Неорганические соединения  |x Экстракция  |2 stltpush  |3 (RuTPU)RU\TPU\subj\45478  |9 64684 
610 1 |a химия 
610 1 |a молекулярные соединения 
610 1 |a внутрикомплексные соединения 
610 1 |a ионные ассоциаты 
610 1 |a минеральные кислоты 
610 1 |a металлы 
610 1 |a гетерополисоединения 
610 1 |a расплавы 
610 1 |a библиографические указатели 
610 1 |a библиотека А. Г. Стромберга 
675 |a 546.05  |v 3 
686 |a Я19:542.61  |v LBC/SL-A  |2 rubbk 
702 1 |a Багреев  |b В. В.  |4 220 
702 1 |a Курилина  |b Н. А.  |4 220 
702 1 |a Оханова  |b Л. А.  |4 220 
702 1 |a Баканова  |b Л. В.  |4 220 
702 1 |a Золотов  |b Ю. А.  |4 340 
712 0 2 |a Академия наук СССР (АН СССР)  |b Институт геохимии и аналитической химии им. В. И. Вернадского (ГЕОХИ)  |c (Москва)  |2 stltpush  |3 (RuTPU)RU\TPU\col\11383 
712 0 2 |a Академия наук СССР (АН СССР)  |b Библиотека по естественным наукам (БЕН)  |2 stltpush  |3 (RuTPU)RU\TPU\col\13463 
801 1 |a RU  |b 63413507  |c 20060712  |g PSBO 
801 2 |a RU  |b 63413507  |c 20191205  |g PSBO 
942 |c BK